000 00547nam a2200133Ia 4500
008 220620s9999||||xx |||||||||||||| ||und||
020 _a9782890000000
245 0 _aOptogenetics: An Emerging Approach in Cardiac Electrophysiology
546 _aEnglish[eng]
650 _aoptogenetics||cardiac electrophysiology||cardiac arrhythmias||clinical translation||opsins
700 _aLei, Ming||Huang, Christopher
856 _uhttps://www.frontiersin.org/research-topics/7207/optogenetics-an-emerging-approach-in-cardiac-electrophysiology
942 _cEB
999 _c31909
_d31909